Estatísticas para Países Cortados pelo Trópico de Capricórnio

Clique aqui para jogar o quiz

Estatísticas Gerais

  • Esse quiz foi jogado 70 vezes
  • A pontuação média é 9 de 10

Estatísticas das Respostas

Países% Correto
Brasil
98%
Chile
95%
Argentina
93%
África do Sul
90%
Austrália
88%
Paraguai
87%
Botswana
82%
Moçambique
78%
Namíbia
77%
Madagascar
67%

Distribuição das Pontuações

Percentil de Números Respondidos

Porcentagem de Pessoas com Cada Pontuação

Sua Pontuação Histórica

Você não jogou esse quiz